Acción tutorial y orientación educativa

Guardat en:
Dades bibliogràfiques
Autor principal: Mora, Juan Antonio (autor)
Format: Llibre
Idioma:espanyol
Publicat: Madrid Narcea 1998
Edició:5a. ed
Col·lecció:Colección Educación Hoy
Matèries:
Etiquetes: Afegir etiqueta
Sense etiquetes, Sigues el primer a etiquetar aquest registre!

MARC

LEADER 00000nam a2200000 a 4500
001 UCI8643
003 CL-VaPUC
008 080911e19980000SP |||||||||||||||||spa|d
020 |a 8427706243 
082 0 4 |a 371.42  |b MOR  |2 21 
100 |a Mora, Juan Antonio  |e autor  |9 532189 
245 1 0 |a Acción tutorial y orientación educativa 
250 |a 5a. ed 
300 |a 170 p 
942 |c BK 
945 |d 20080911 00:00:00  |a jtorresc 
260 |a Madrid  |b Narcea  |c 1998 
650 7 |a ORIENTACION EDUCACIONAL  |2 CL-VaPUC  |9 312512 
650 0 |a Orientación profesional   |9 308504 
650 7 |a TUTORIA  |2 CL-VaPUC  |9 335054 
650 0 |a Métodos de enseñanza  |9 270413 
650 7 |a FRACASO ESCOLAR  |2 CL-VaPUC  |9 308828 
583 |a last modification  |c 20080911 00:00:00  |k Rodrigo Vera 
490 0 |a Colección Educación Hoy 
999 |c 331459  |d 331457 
952 |0 0  |1 0  |4 0  |6 371_420000000000000_MOR_1998  |7 0  |8 P  |9 418134  |a BIBEDU  |b BIBEDU  |c BIBEDU_PB  |d 2019-11-22  |i 4481097  |o 371.42 MOR 1998  |p 4481097  |r 2024-01-25  |w 2019-11-22  |y BK  |k EPE